|
|
|
|
| LEADER |
00908nam a2200229 i 4500 |
| 001 |
c000131559 |
| 003 |
CARM |
| 005 |
00000000000000.0 |
| 008 |
n vp 00000 eng d |
| 019 |
1 |
|
|a 10268962
|5 LACONCORD2021
|
| 035 |
|
|
|a (OCoLC)221325377
|5 LACONCORD2021
|
| 100 |
1 |
|
|a De Selincourt, Ernest,
|d 1870-1943.
|
| 245 |
1 |
0 |
|a The early Wordsworth.
|
| 260 |
|
|
|a [London] :
|b English Association,
|c 1936 ;
|a [Ann Arbor, Mich. :
|b University Microfilms,
|c 1970].
|
| 300 |
|
|
|a 27 p.
|
| 500 |
|
|
|a At head of title: The English Association presidential address, 1936.
|
| 600 |
1 |
0 |
|a Wordsworth, William,
|d 1770-1850.
|
| 710 |
2 |
0 |
|a English Association.
|
| 852 |
8 |
|
|b CARM
|h A2:AD21E0
|i C01697
|p 0084507
|f BK
|
| 082 |
0 |
|
|a 821.7
|
| 999 |
f |
f |
|i 7b0064e2-750e-5212-b094-217e7117b291
|s 5b6beb79-c0bd-5014-9b9b-fda5c8064886
|
| 952 |
f |
f |
|p Can circulate
|a CAVAL
|b CAVAL
|c CAVAL
|d CARM 1 Store
|e C01697
|f A2:AD21E0
|h Other scheme
|i book
|m 0084507
|